| 000 | 00769cam a2200205 i 4500 | ||
|---|---|---|---|
| 005 | 20251218145711.0 | ||
| 008 | 250721s2010 xx gr 000 0 ara d | ||
| 082 | 1 | 4 |
_a217.8 _bق ح ط |
| 100 | 1 |
_aالقحطاني، سعيد بن علي بن وهف _eمؤلف. |
|
| 245 | 1 | 0 |
_aأحكام الجنائز في ضوء الكتاب والسنة / _cتأليف سعيد بن علي بن وهف القحطاني. |
| 250 | _aالطبعة الاولى. | ||
| 264 | 3 | 1 |
_aاربد : _bالمركز القومي للنشر، _c2010. |
| 300 | _a399 صفحة. | ||
| 650 | 1 | 7 | _aالفقه الاسلامي. |
| 650 | 1 | 7 | _aالفتاوي. |
| 650 | 1 | 7 | _aالشريعة الاسلامية. |
| 650 | 1 | 7 | _aالجنائز. |
| 942 |
_2ddc _cBK |
||
| 999 |
_c123302 _d123302 |
||